000 00481nam a2200169 a 4500
005 20140412111236.0
008 001120s19uu xx 00 eng d
050 _aTR(GS 652.1
_bW54 1985
100 _aWilke, Suzanne Lowe
245 _aTaking off! Writing /
_cby Suzanne Lowe Wilke.
260 _aSt. Louis, MO :
_bMilliken Pub,
_c1985.
300 _a1 v. (unp.) ; ill.
440 _aPreschool parent resource
650 _aHandwriting
650 _aAlphabet
999 _c102453
_d102453